Personálny audit v podniku

Definicía personálneho auditu (PA), rozsah jeho činností. PA podľa subjektov auditu. Postup PA, jednotlivé fázy. Metódy. Prínosy PA pre podnik.

Salvato in:
Dettagli Bibliografici
Autore principale: Šukalová, Viera
Natura: Capitolo di libro
Lingua:slovacco
Soggetti:
Tags: Aggiungi Tag
Nessun Tag, puoi essere il primo ad aggiungerne!!

MARC

LEADER 00000naa a2200000 4500
001 0273018
005 20210413125700.9
041 0 |a slo 
044 |a SK 
245 1 0 |a Personálny audit v podniku  |c Viera Šukalová 
520 |a Definicía personálneho auditu (PA), rozsah jeho činností. PA podľa subjektov auditu. Postup PA, jednotlivé fázy. Metódy. Prínosy PA pre podnik. 
610 2 0 |a audit personálny 
610 2 0 |a manažment personálny 
610 2 0 |a pojmy 
610 2 0 |a metódy 
100 1 |a Šukalová, Viera